Lectura en voz alta para niños de escuela elemental
Guardado en:
| Autor principal: | |
|---|---|
| Formato: | Libro |
| Lenguaje: | español |
| Publicado: |
Ciudad de México
UTEHA
1968
|
| Colección: | Manuales UTEHA. Educación, 17
|
| Materias: | |
| Etiquetas: |
Agregar Etiqueta
Sin Etiquetas, Sea el primero en etiquetar este registro!
|
MARC
| LEADER | 00000nam a2200000 a 4500 | ||
|---|---|---|---|
| 001 | UCY8428 | ||
| 003 | CL-VaPUC | ||
| 008 | 950703e19680000MX |||||||||||||||||spa|d | ||
| 082 | 0 | 4 | |a 372.4 |b WIL |2 21 |
| 100 | 0 | |a Willcox, Isobel |e author |9 339769 | |
| 245 | 1 | 0 | |a Lectura en voz alta para niños de escuela elemental |
| 300 | |a 95 p | ||
| 942 | |c BK | ||
| 945 | |d 19950703 00:00:00 |a mfernand | ||
| 260 | |a Ciudad de México |b UTEHA |c 1968 | ||
| 650 | 0 | |a Lectura en voz alta |9 335516 | |
| 650 | 0 | |a Enseñanza de la lectura |9 308364 | |
| 650 | 7 | |a TRABAJOS ORALES |2 CL-VaPUC |9 339770 | |
| 650 | 0 | |a Orientación para la lectura |9 334506 | |
| 650 | 0 | |a Educación básica |9 224933 | |
| 583 | |a last modification |c 19950703 00:00:00 |k Rodrigo Vera | ||
| 490 | 0 | |a Manuales UTEHA. Educación, 17 | |
| 999 | |c 235669 |d 235667 | ||
| 952 | |0 0 |1 0 |4 0 |6 372_400000000000000_WIL_1968 |7 0 |8 P |9 243237 |a BIBEDU |b BIBEDU |c BIBEDU_PB |d 2019-11-18 |i 1525514 |o 372.4 WIL 1968 |p 1525514 |r 2024-01-25 |w 2019-11-18 |y BK |k EDU | ||